Situación actual del movimiento sindical en Costa Rica /

Bewaard in:
Bibliografische gegevens
Coauteurs: Centro de Estudios para la Acción Social, CEPAS
Formaat: Texto
Gepubliceerd in: San José: CEPAS
Tags: Voeg label toe
Geen labels, Wees de eerste die dit record labelt!

MARC

LEADER 00000 a a2200000 04500
001 22796
003
040
090 |a 156600  
110 |a Centro de Estudios para la Acción Social  
245 |a Situación actual del movimiento sindical en Costa Rica /  |c Centro de Estudios para la Acción Social  
260 |a San José:   |b CEPAS  
300 |a 19 p.  
710 |a CEPAS  
999 |c 1642  |d 1642